ბათუმის შოთა რუსთაველის სახელმწიფო უნივერსიტეტის ბიბლიოთეკა

ძველი რომის ისტორიის ნარკვევები : (ბიბ.ჩანაწერი № 56315)

000 -ლიდერი
ფიქსირებული სიგრძის საკონტროლო ველი 01420nam a2200265Ia 4500
001 - საკონტროლო ნომერი
საკონტროლო ველი 23428
003 - საკონტროლო ნომრის იდენტიფიკატორი
საკონტროლო ველი GE_BSU
005 - ბოლო ოპერაციის თარიღი და დრო
საკონტროლო ველი 20260115210033.0
008 - ფიქსირებული სიგრძის მონაცემთა ელემენტები - ზოგადი ინფორმაცია
ფიქსირებული სიგრძის საკონტროლო ველი 181216s1940||||ge |||||||||||||| ||geo||
040 ## - კატალოგიზაციის წყარო
Transcribing agency GE_BSU
041 ## - ენის კოდი
Language code of text/sound track or separate title geo
080 ## - უნივერსალური ათობითი კლასიფიკაციის ინდექსი
Universal Decimal Classification number 94(37) ს-42
100 ## - მთავარი ჩანაწერი - პიროვნების სახელი
Personal name სერგეევი, ვ. ს.
9 (RLIN) 26691
245 ## - ცნობა სათაურის შესახებ
Title ძველი რომის ისტორიის ნარკვევები :
Remainder of title [დამხმ. სასწ. წიგნი ისტ. ფაკულტეტებისათვის].ნაწ. 1 /
Statement of responsibility, etc ვ.ს. სერგეევი ; რედ.: გ. გოზალიშვილი ; მთარგმ.: მ. ბერძენიშვილი.
264 ## - წარმოების, გამოცემის, დისტრიბუციის და სხვა ცნობები
გამოცემის, წარმოების, დისტრიბუციის... ადგილი თბილისი :
გამოცემის, წარმოების, დისტრიბუციის... სახელწოდება სტალინის სახ. სახელმწ. უნ-ტის გამ-ბა,
გამოცემის, წარმოების, დისტრიბუციის... თარიღი 1940.
300 ## - ფიზიკური აღწერა
Extent 472 გვ. ;
Dimensions 21 სმ.
504 ## - BIBLIOGRAPHY, ETC. NOTE
Bibliography, etc ბიბლიოგრ. შენიშვნებში
653 ## - INDEX TERM--UNCONTROLLED
Uncontrolled term ისტორია
653 ## - INDEX TERM--UNCONTROLLED
Uncontrolled term ძველი რომის ისტორია
653 ## - INDEX TERM--UNCONTROLLED
Uncontrolled term ძველი რომის ისტორიის ნარკვევები. ნაწ. 1
700 ## - ADDED ENTRY--PERSONAL NAME
Personal name გოზალიშვილი, გ.
Relator term რედაქტორი
9 (RLIN) 26692
700 ## - ADDED ENTRY--PERSONAL NAME
Personal name ბერძენიშვილი, მ.
Relator term მთარგმნელი
9 (RLIN) 18011
942 ## - ADDED ENTRY ELEMENTS (KOHA)
Koha item type წიგნი
Source of classification or shelving scheme
ეგზემპლარები
ჩამოწერის სტატუსი დაკარგული ეგზემპლარის სტატუსი კლასიფიკაციის წყარო ან თაროზე გაწყობის სქემა დაზიანების სტატუსი არ გაიცემა მუდმივი მდებარეობა (დაცვის ადგილი) ამჟამინდელი ადგილსამყოფელი თაროზე განთავსების ადგილი შეძენის თარიღი ღირებულება, შესყიდვის ნორმალური ფასი სრული შენახვის შიფრი შტრიხკოდი ბოლო ოპერაციის თარიღი ეგზემპლარის მიმდევრობითი ნომერი (კეტერი?) ფასის ძალაში შესვლის თარიღი ეგზემპლარის სახეობა საჯარო შენიშვნა
          ბათუმის შოთა რუსთაველის სახელმწიფო უნივერსიტეტის მთავარი ბიბლიოთეკა ბათუმის შოთა რუსთაველის სახელმწიფო უნივერსიტეტის მთავარი ბიბლიოთეკა წიგნსაცავი 2018-12-17 10.00 94(37) ს-42 28353 2018-12-17 28353 2018-12-17 წიგნი 10.00 ₾.